Mosaic 1 : reading /

में बचाया:
ग्रंथसूची विवरण
मुख्य लेखक: Wegmann, Brenda
स्वरूप: पुस्तक
भाषा:Vietnamese
प्रकाशित: TH.HCM 2009
टैग : टैग जोड़ें
कोई टैग नहीं, इस रिकॉर्ड को टैग करने वाले पहले व्यक्ति बनें!
Thư viện lưu trữ: Mạng thư viện Đại học Đà Nẵng
LEADER 00607nam a2200265 4500
001 000028487
003 WE-B
005 20150403120000.0
008 150403s vm 000 vie
020 |c 0,0000 
040 |a notts 
100 |a Wegmann, Brenda 
245 |a Mosaic 1 : reading /  |c Brenda Wegmann, MikiKnezevic. 
260 |b TH.HCM  |c 2009 
OWN |a LTT 
999 |a From the UDN01 
TYP |a Monograph 
TYP |a Printed language 
980 |a Mạng thư viện Đại học Đà Nẵng